Score 0/55 Timer 07:00
2 Plays Today
% Correct
Avatar
84.6%
A Beautiful Mind
82.5%
Slumdog Millionaire
81.9%
The Departed
78.3%
No Country for Old Men
77%
Little Miss Sunshine
75.3%
Gladiator
74.6%
Forrest Gump
74%
Men in Black
72.3%
American Beauty
71.9%
Back to the Future
71.8%
The Matrix
71.2%
Jurassic Park
70.7%
The Breakfast Club
69.9%
E.T. the Extra-Terrestrial
66.9%
Pulp Fiction
66.9%
Die Hard
66.6%
Home Alone
64.1%
Schindler's List
62.2%
The Goonies
62%
The Godfather
61.6%
Memento
60.5%
The Shawshank Redemption
60.3%
Mystic River
59.8%
The Pianist
59.5%
Jaws
58.2%
Raiders of the Lost Ark
57.9%
Apocalypse Now
57.6%
% Correct
The Deer Hunter
56.9%
A Clockwork Orange
56.9%
The Graduate
56%
2001: A Space Odyssey
55.3%
Full Metal Jacket
54.1%
The Exorcist
53.1%
Casablanca
51.4%
Platoon
51%
Taxi Driver
49.9%
Dr. No
49.8%
Gone with the Wind
49.6%
Rebel Without a Cause
47.5%
The Wizard of Oz
46.8%
The Bridge on the River Kwai
46.7%
Citizen Kane
44.9%
The Sound of Music
44.6%
Rosemary's Baby
44.6%
North by Northwest
43.9%
It's a Wonderful Life
43%
On the Waterfront
42%
Metropolis
39.7%
Lawrence of Arabia
38.5%
The Gold Rush
38.5%
Singin' in the Rain
37.9%
Mr. Smith Goes to Washington
32.8%
A Dog's Life
30.5%
Rebecca
25.4%

You're not logged in!

Compare scores with friends on all Sporcle quizzes.
OR
Log In

Sporcle TV

Today on Sporcle TV


Watch our educational content, quiz creation guides, and fun videos on Sporcle TV.

Show Comments

Extras

Top Quizzes Today


Score Distribution

Your Account Isn't Verified!

In order to create a playlist on Sporcle, you need to verify the email address you used during registration. Go to your Sporcle Settings to finish the process.

Report this User

Report this user for behavior that violates our Community Guidelines.

Details: